| 000 | 00731nam a2200229 a 4500 | ||
|---|---|---|---|
| 005 | 20230315063942.0 | ||
| 008 | 190403s1998 es r 000 0 spa d | ||
| 020 | _a8484039722 | ||
| 035 | _aUPN01000230034 | ||
| 049 | _aCG | ||
| 050 | 4 |
_aLB2343 _bB3.7 |
|
| 100 | 1 |
_aBarret, Jim _943205 |
|
| 245 | 1 | 0 |
_aTests de orientación profesional : _bconozca su C.I., su personalidad y sus capacidades en la profesión que mejor se ajuste a su perfil / _cJim Barret. |
| 260 |
_aMadrid : _bEdimat Libros, _c1998. |
||
| 300 |
_a214 p. : _bil., tablas |
||
| 440 | 4 | _aThe times | |
| 650 | 4 | _aPRUEBAS PSICOLOGICAS | |
| 650 | 4 |
_aOrientación vocacional _95 |
|
| 650 | 4 |
_aOrientación vocacional _95 |
|
| 905 | _aLibro | ||
| 999 |
_c202129 _d202129 |
||